Fr. Conceicao Rodrigues College of Engineering

Computer security:Principles and practice (Record no. 33059)

MARC details
000 -LEADER
fixed length control field 00362nam a2200157Ia 4500
082 ## - DEWEY DECIMAL CLASSIFICATION NUMBER
Classification number 5.8
Item number STA
100 ## - MAIN ENTRY--PERSONAL NAME
Personal name Stallings/ William/ Brown/Lawrie
245 ## - TITLE STATEMENT
Title Computer security:Principles and practice
260 ## - PUBLICATION, DISTRIBUTION, ETC.
Name of publisher, distributor, etc. Pearson Education
Date of publication, distribution, etc. 2008
366 ## - TRADE AVAILABILITY INFORMATION
Publishers's discount category 20
300 ## - PHYSICAL DESCRIPTION
Extent 798
546 ## - LANGUAGE NOTE
Language note ENGLISH
650 ## - SUBJECT ADDED ENTRY--TOPICAL TERM
Topical term or geographic name entry element Computer security
942 ## - ADDED ENTRY ELEMENTS (KOHA)
Koha item type BOOK
Holdings
Withdrawn status Lost status Damaged status Not for loan Collection Home library Current library Date acquired Source of acquisition Cost, normal purchase price Inventory number Total Checkouts Full call number Barcode Date last seen Cost, replacement price Price effective from Koha item type Date last checked out
        CRC Fr. Agnel's C.Rodrigues College of Engineering Fr. Agnel's C.Rodrigues College of Engineering 17/03/2023 Shroff Publishers 620.00 2267/ 1718/INV   5.8 STA 24925 17/03/2023 775.00   BOOK  
        CRC Fr. Agnel's C.Rodrigues College of Engineering Fr. Agnel's C.Rodrigues College of Engineering 17/03/2023 Shroff Publishers 620.00 2267/ 1718/INV   5.8 STA 24927 17/03/2023 775.00   BOOK  
        CRC Fr. Agnel's C.Rodrigues College of Engineering Fr. Agnel's C.Rodrigues College of Engineering 17/03/2023 Shroff Publishers 620.00 2267/ 1718/INV   5.8 STA 24928 17/03/2023 775.00   BOOK  
        CRC Fr. Agnel's C.Rodrigues College of Engineering Fr. Agnel's C.Rodrigues College of Engineering 17/03/2023 Shroff Publishers 620.00 2267/ 1718/INV   5.8 STA 24929 17/03/2023 775.00   BOOK  
        CRC Fr. Agnel's C.Rodrigues College of Engineering Fr. Agnel's C.Rodrigues- College of Engineering 17/03/2023 Shroff Publishers 620.00 2267/ 1718/INV 1 5.8 STA 24926 14/06/2023 775.00   BOOK 12/06/2023